LDR 00902naa#a2200229#i#450# 001 EN\\bibl\119415 005 20260416121100.4 011 ## _a2311-8873 100 ## _a20260410b2026####ek#y0engy0150####ca 102 ## _aRU 200 1# _aASSESSMENT OF THE EFFICIENCY OF OPERATION AND REPAIR OF MOTOR VEHICLES BASED ON LCC ANALYSIS AND WEAR MANAGEMENT _eJournal article 210 1# _aVoronezh _cFSBE Institution of Higher Education Voronezh State University of Forestry and Technologies named after G.F. Morozov _d2026 215 ## _a8 с. 608 ## _aJournal article _2local 675 ## _a(Средства транспорта с колесным движителем). 629.1.02 _z 700 #1 _aZhaivoronok _gD. A. 700 #1 _aIvannikov _gV A. 700 #1 _aShatalov _gEvgeniy Vladimirovich 700 #1 _aChernikov _gE. A. 700 #1 _aMaklakova _gElena Al'bertovna 700 #1 _aZelikov _gV. A. 856 4# _avntv.editorum.ru _u